Statistics for Cake by the ocean - DNCE, lyrics

Click here to take the quiz!

General Stats

  • This quiz has been taken 47 times
  • The average score is 225 of 376

Answer Stats

Answer% Correct
A
95%
I
95%
Me
95%
By
92%
Cake
92%
Ocean
92%
The
92%
To
92%
You
92%
Baby
90%
Talk
90%
No
87%
Oh
87%
It
79%
See
77%
Around
74%
Be
74%
It’s
74%
Walk
74%
Walking
74%
And
72%
Crazy
72%
Like
72%
We
72%
On
69%
With
69%
Funeral
67%
Go
67%
Let’s
67%
Masterpiece
67%
So
67%
Fucking
64%
Keep
64%
Your
64%
Hoping
62%
Eat
59%
Should
59%
Start
59%
Rolling
56%
Fantasy
54%
Girl
54%
You’re
54%
Dangerously
51%
Don’t
51%
I’m
51%
Waste
51%
We’ll
51%
Living
49%
I’ll
46%
Lose
46%
Our
46%
Real-life
46%
Time
46%
Tiptoe
46%
Carefully
44%
Minds
44%
Not
44%
For
41%
Serious
41%
Why
41%
In
38%
Moving
38%
My
38%
But
36%
From
36%
Just
36%
You’ll
36%
Hands
33%
Naomi
33%
Sweet
33%
Feet
31%
Getting
31%
Going
31%
Own
31%
Started
31%
This
31%
Craving
28%
Goddam
28%
Cold?
26%
Frosting
26%
Licking
26%
Life
26%
Those
26%
Whoa
26%
Yes
26%
Diddy
21%
Dry
21%
Land
21%
Of
21%
Blind
18%
Ma’am
18%
Want
18%
All
13%
Chocolate
13%
Need
13%
Tired
13%
Vanilla
13%
Another
10%
Begging
10%
Delicious
10%
Everynight
10%
Red
10%
Taste
10%
Velvet
10%
Ready
8%
Candy
3%
Funfetti
3%

Score Distribution

Percentile by Number Answered

Percent of People with Each Score

Your Score History

You have not taken this quiz